| 000 | 00679pam a2200253 a 4500 | ||
|---|---|---|---|
| 001 | 4769836 | ||
| 003 | OSt | ||
| 005 | 20140310182242.0 | ||
| 008 | 860613s1987 nyu 000 1 eng | ||
| 010 | _a 86015742 | ||
| 020 | _a0446346829 | ||
| 040 |
_aDLC _cDLC _dDLC |
||
| 050 | 0 | 0 |
_aPS 3557 _b.G794 1987 |
| 082 | 0 | 0 |
_aFIC _bG81p 1987 |
| 100 | 1 |
_aGreeley, Andrew M., _d1928- _919110 |
|
| 245 | 1 | 0 |
_aPatience of a saint / _cAndrew M. Greeley. |
| 260 |
_aNew York, NY : _bWarner Books, _cc1987. |
||
| 300 |
_a490 p. ; _c17 cm. |
||
| 541 | _j1 | ||
| 562 | _e1 | ||
| 650 |
_aFiction _9746 |
||
| 906 |
_a7 _bcbc _corignew _d1 _eocip _f19 _gy-gencatlg |
||
| 942 |
_2lcc _cBK-FIC |
||
| 999 |
_c11150 _d11150 |
||